Представление документа в формате RUSMARC

ПолеНазваниеЗначение
  Тип записи a
  Библиографический уровень m
001 Контрольный номер RU\NLR\BIBL_A\010854206
005 Дата корректировки 20201206205015.6
010 Индекс ISBN __
a ISBN 978-5-699-82036-8 (в пер.)
d Цена 323-40
021 № государственной регистрации __
b № документа 2015-63768
100 Данные общей обработки __
a Данные общей обработки 19160729d2015||||||| 0rusy0189 ca
101 Язык документа 1_
a Язык текста rus
c Язык оригинала eng
102 Страна публикации __
a Страна публикации RU|
105 Кодированные данные (монография) __
a Кодированные данные (монография) y|||z|||000zy
200 Заглавие и сведения об ответственности 1_
a Заглавие Львиная стража
e Сведения, относящиеся к заглавию [роман : 16+]
f Первые сведения об ответственности Барбара Вайн ; [перевод с английского М. Л. Павлычевой]
b Общее обозначение материала Текст
210 Выходные данные __
a Место издания Москва
c Издательство Эксмо
d Дата издания 2015
215 Физическое описание __
a Объем 347, [1] с.
d Формат 21 см
225 Серия __
a Серия Роман с тайной
225 Серия __
a Серия Впервые на русском языке!
300 Общие примечания __
a Общие примечания На 4-й с. обл. авт.: Барбара Вайн, псевд. писательницы Рут Рендел
300 Общие примечания __
a Общие примечания 1500 экз.
320 Библиография __
a Библиография Др. произведения авт. на 4-й с. обл.
330 Аннотация __
a Аннотация Некогда в Италии была похищена молодая жена одного из самых богатых парфюмеров страны. Похититель по имени Александр почему-то называл ее Принцессой и требовал огромный выкуп. Но, получив деньги, он неожиданно отказался от них и отпустил свою жертву. Та после скорой кончины супруга немедленно уехала в Англию и вышла замуж за другого богача. И вот, спустя годы, Александр приехал на Британские острова – с одной лишь целью: вновь похитить Принцессу…
333 Примечание о целевом назначении __
a Примечание о целевом назначении 16+. Для детей старше 16 лет
606 Тематические рубрики __
a Основная рубрика Художественная литература
606 Тематические рубрики __
a Основная рубрика Литература Европы (произведения)
y Географическая подрубрика Англия
y Географическая подрубрика Великобритания
610 Ключевые слова __
a Ключевые слова английская литература
a Ключевые слова детективные романы
a Ключевые слова зарубежная литература
a Ключевые слова иностранная литература
a Ключевые слова тема богатства
a Ключевые слова тема выкупа
a Ключевые слова тема женщины
a Ключевые слова тема любви
a Ключевые слова тема похищения
a Ключевые слова тема похищения людей
a Ключевые слова тема семьи
a Ключевые слова художественная проза
686 Индексы других классификаций __
2 Код системы rubbks
a Классификационный индекс 84(4Вел)6-445
700 Автор _1
a Фамилия Ренделл
b Имя Р.
c Титул (звания) Барбара Вайн
f Даты 1930-
g Полное личное имя Рут
4 Код отношения 070
702 Вторичная интеллектуальная ответственность _1
a Фамилия Павлычева
b Имя М. Л.
4 Код отношения Переводчик
4 Код отношения 730
790 Имя лица - альтернативная форма __
4 Код отношения 070
a Имя лица - альтернативная форма Вайн, Б.
801 Источник записи _0
a Страна RU
b Организация Муниципальное бюджетное учреждение культуры "Централизованная библиотечная система" г. Сургут (Центральная городская библиотека им. А. С. Пушкина)
c Дата составления 20160729
g Правила каталогизации КиК/Коробейникова
801 Источник записи _1
a Страна RU
b Организация Муниципальное бюджетное учреждение культуры "Централизованная библиотечная система" г. Сургут (Центральная городская библиотека им. А. С. Пушкина)
c Дата составления 20160729
g Правила каталогизации КиК/Коробейникова
852 Данные о местонахождении __
j Шифр хранения 84(4Вел)6-445
i Авторский знак Р 39
901 Тип документа __
t Тип документа m
903 Характеристики (МАРС) __
a Дата передачи 20160729
990 Данные о заказе (DOS) __
j Количество экземпляров (DOS) 6
t N записи в КСУ для И/У (DOS) 201608